| 000 | 00805nam a2200229 a 4500 | ||
|---|---|---|---|
| 001 | 001046705 | ||
| 003 | AM-YeHGA | ||
| 005 | 20250617150951.0 | ||
| 008 | 141113s2014 ai r 000 0 arm d | ||
| 020 | _a9789994170975 | ||
| 040 | _aAM-YeHGA | ||
| 041 | 1 |
_aarm _heng |
|
| 245 | 1 | 0 |
_aԱվազե ամրոցի աղջիկները : _bՎեպ / _cՔ. Բոհջալյան ; Թարգմ. անգլ.՝ Ա. Արսենյան ; Խմբ.՝ Ա. Արքուն. |
| 246 | 1 | 5 |
_aThe sandcastle girls : _ba novel |
| 260 |
_aԵրևան : _bԾիծեռնակ, _c2014. |
||
| 300 |
_a286 էջ ; _c22 սմ. |
||
| 650 | 1 | 4 | _aԱմերիկյան արձակ |
| 650 | 1 | 4 | _aԱմերիկահայ արձակ |
| 700 | 1 |
_aԱրսենյան, Արամ _eթարգմ. _4trl |
|
| 700 | 1 |
_aԱրքուն, Արամ _eխմբ. _4edt |
|
| 090 | _c343607 | ||
| 999 |
_c341816 _d341816 |
||